000 01047nac a22003011i 4500
003 EG-ScBUE
005 20260503100337.0
008 100902r20032002ii a f b 001 0 eng d
020 _a9780070484009
020 _a0070486425
040 _aEG-ScBUE
_beng
_erda
_cEG-ScBUE
_dEG-ScBUE
082 0 4 _a511.8
_bGOO
_222
100 1 _aGoodman, Seymour E.,
_eauthor.
_917808
245 1 0 _aIntroduction to the design and analysis of algorithms /
_cS. E. Goodman, S. T. Hedetniemi.
250 _aSecond printing.
264 1 _aNew Delhi :
_bMcGraw-Hill,
_c2003.
300 _axi, 371 pages :
_billustrations ;
_c25 cm.
336 _2rdacontent
_atext
_btxt
337 _aunmediated
_2rdamedia
_bn
338 _avolume
_bnc
_2rdacarrier
490 0 _aMcGraw-Hill computer science series
504 _aIncludes bibliographical references and index.
650 7 _aComputer programming.
_2BUEsh
_917810
650 7 _aComputer algorithms.
_2BUEsh
_917811
655 _vReading book
700 1 _aHedetniemi, S. T.,
_eauthor.
_917812
942 _cBB
_2ddc
999 _c619
_d619